000 00213nam a2200085Ia 4500
245 0 _aStars
100 _a BOCKNEK, Jonathan New York, 2003
_983383
942 _cBK
008 210818s9999 xx 000 0 und d
999 _c466043
_d466042